Parole che iniziano con la "C" - Statistics

Statistiche generali
  • Questo quiz è stato fatto 353 volte
  • Il punteggio medio è 9 su 15
Statistiche sulle risposte
INDIZIO RISPOSTA % Corretto
Migliore amico dell'uomo Cane
100%
Combustibile fossile nero, estratto dalle miniere Carbone
98%
Lo si deve usare per andare in bici Casco
91%
Trainata dai cavalli nel passato in sostituzione alle macchine Carrozza
90%
Militare che fa parte della Quarta Forza Armata dello Stato Italiano (simile al poliziotto) Carabiniere
78%
Macchina da guerra letale usata oggi Carroarmato
77%
Mollusco (guscio nero e cerne arancione) molto costoso Cozza
70%
Religione affermatasi nel III secolo dopo Cristo Cristianesimo
68%
Ne fa parte l'osso occipitale Cranio
61%
Sotterraneo sotto la chiesa che era adibito ad ospitare tombe o reliquie di santi Cripta
50%
Strato cellulare esterno (sinonimo di pelle) Cute
45%
Moneta digitale (bitcoin) Cryptovaluta
44%
Persona rozza, di cattivo gusto e maleducata Cafone
42%
Sostanze formate da Carbonio e Acqua Carboidrati
15%
Stesura uniforme del colore Campitura
5%
Nessun quiz corrispondente trovato
Distribuzione punteggi
Percentuale di utenti per punteggio
Percentile per numero di risposta
I tuoi punteggi nel tempo
Non hai fatto questo quiz